000 00946nam a22002297a 4500
999 _c892
_d892
003 AR-CdUCM
008 190225b ||||| |||| 00| 0 spa d
040 _aMUNICIPALIDAD PROVINCIAL DEL CUSCO
_cBIBLIOTECA MUNICIPAL DEL CUSCO
082 _a980.514 /
_bG84
100 _aGuallart, S. J. Jose Maria
_93431
245 _aEl mundo de los Aguarunas /
_cJose Maria Guallart, S.J.
260 _aLima :
_bCAAAP,
_c1989.
300 _a274 paginas ;
_c20 cm.
505 _aUna panorama general de la magia Aguaruna -- La magia del amen --La posesión del pasuk -- La magia del Iwishin -- La magia del Ajutap -- La guerra y su ceremonial mágico -- La magia del Emesek: reducción de cabezas ...
650 _aIndígenas aguarunas
_93432
650 _aLeyendas
_92226
650 _aAmazonía
_93433
650 _aPerú
_935
710 _aCentro Amazónico de Antropología y Aplicación Práctica
_93434
942 _2ddc
_cLIBROS
945 _aacv
_d2019-02-25